Comparison of different organic fertilizer on yard long bean at crop station of royal university of agriculture, ការប្រៀបធៀបជីធម្មជាតិប្រភេទផ្សេងៗគ្នា ទៅលើដំណាំសណ្ដែកកួរ នៅក្នងស្ថានីយ៍ពសោធន៍ដំណាំនៃសាកលវិទ្យាល័យភូមិន្ទកសិកម្ម (Record no. 7629)

000 -LEADER
fixed length control field 00837nam a22001577a 4500
003 - CONTROL NUMBER IDENTIFIER
control field OSt
005 - DATE AND TIME OF LATEST TRANSACTION
control field 20160316154845.0
008 - FIXED-LENGTH DATA ELEMENTS--GENERAL INFORMATION
fixed length control field 160316b xxu||||| |||| 00| 0 eng d
040 ## - CATALOGING SOURCE
Transcribing agency RUA
082 ## - DEWEY DECIMAL CLASSIFICATION NUMBER
Classification number AGR PON 2009 B471 Or.1
100 ## - MAIN ENTRY--PERSONAL NAME
9 (RLIN) 8031
Personal name PONG SAMNANG ; ប៉ុង សំណាង
245 ## - TITLE STATEMENT
Title Comparison of different organic fertilizer on yard long bean at crop station of royal university of agriculture, ការប្រៀបធៀបជីធម្មជាតិប្រភេទផ្សេងៗគ្នា ទៅលើដំណាំសណ្ដែកកួរ នៅក្នងស្ថានីយ៍ពសោធន៍ដំណាំនៃសាកលវិទ្យាល័យភូមិន្ទកសិកម្ម
260 ## - PUBLICATION, DISTRIBUTION, ETC. (IMPRINT)
Place of publication, distribution, etc. Phnom Penh
Name of publisher, distributor, etc. RUA
Date of publication, distribution, etc. 2009
300 ## - PHYSICAL DESCRIPTION
Extent xii ;46p.
Other physical details ill.
Dimensions 29cm.
942 ## - ADDED ENTRY ELEMENTS (KOHA)
Source of classification or shelving scheme
Koha item type AGR
Holdings
Price effective from Date last seen Permanent Location Not for loan Date acquired Source of classification or shelving scheme Koha item type Lost status Withdrawn status Date last checked out Total Checkouts Shelving location Damaged status Barcode Current Location Full call number
2016-03-162024-12-24Library Block B 2016-03-16 AGR  2024-12-037B471 RUA058412Library Block BAGR PON 2009 B471 Or.1
មជ្ឈមណ្ឌលឯការនៃសាកលវិទ្យាល័យភូមិន្ទកសិកម្មចំការដូង

Powered by Koha